| 000 | 00294cam a2200097ua 4500 | ||
|---|---|---|---|
| 020 | _a9788173714252 | ||
| 100 |
_aBolton, Malcolm D., _eAuthor. |
||
| 245 |
_aGuide to soil mechanics _cMalcolm D Bolton _hTextual Documents |
||
| 260 |
_aNew Delhi _bUniversities press India Pvt Ltd _c2009 |
||
| 300 | _a440. | ||
| 999 |
_c13611 _d13611 |
||